| 000 | 00453nam a2200217Ia 4500 | ||
|---|---|---|---|
| 003 | IT-RoPAU | ||
| 008 | 120407s9999 xx 000 0 und d | ||
| 040 | _aIT-RoPAU | ||
| 040 | _cIT-RoPAU | ||
| 041 | _aita | ||
| 100 | _aPaolo Liggeri | ||
| 245 | _aProblemi di vita matrimoniale. 5a ed. | ||
| 250 | _aMilano | ||
| 260 | _aLa Casa | ||
| 260 | _c1962 | ||
| 300 | _a615 p. | ||
| 300 | _c21,5 cm | ||
| 490 | _v1 | ||
| 942 | _cBK | ||
| 999 |
_c36061 _d36061 |
||